00381nam a2200157Ia 450000500170000000800410001702000180005805000270007610000160010324500320011926000300015130000210018144000060020252100070020852600080021520140402154620.0140130s9999 xx 000 0 und d a9780545203180 aPZ 7 b.M47841448 2010 aMcCoy, Mimi cMimi McCoy.aThe dead end / bScholastic,c2010.aUSA : a174 p. :c20 cm. v1 aG3 c590